<?xml version="1.0" encoding="UTF-8"?>
<marc:record xmlns:marc="http://www.loc.gov/MARC21/slim">
   <marc:leader>00000nam a2200000 a 4500</marc:leader>
   <marc:datafield ind1="1" ind2=" " tag="100">
      <marc:subfield code="a">Hohlbein, Wolfgang</marc:subfield>
      <marc:subfield code="4">aut</marc:subfield>
      <marc:subfield code="e">Verfasser/-in</marc:subfield>
   </marc:datafield>
   <marc:datafield ind1="1" ind2=" " tag="100">
      <marc:subfield code="a">Hohlbein, Heike</marc:subfield>
      <marc:subfield code="4">aut</marc:subfield>
      <marc:subfield code="e">Verfasser/-in</marc:subfield>
   </marc:datafield>
   <marc:datafield ind1="0" ind2="0" tag="245">
      <marc:subfield code="a">Krieg der Engel</marc:subfield>
   </marc:datafield>
   <marc:datafield ind1="0" ind2="0" tag="245">
      <marc:subfield code="c">Wolfgang und Heike Hohlbein</marc:subfield>
   </marc:datafield>
   <marc:datafield ind1=" " ind2="1" tag="264">
      <marc:subfield code="a">München</marc:subfield>
      <marc:subfield code="b">cbt/cbj-Verl.</marc:subfield>
      <marc:subfield code="c">2007</marc:subfield>
   </marc:datafield>
   <marc:datafield ind1="1" ind2=" " tag="490">
      <marc:subfield code="a">C.-Bertelsmann-Taschenbuch</marc:subfield>
      <marc:subfield code="v">30382 : Fantasy</marc:subfield>
   </marc:datafield>
   <marc:datafield ind1=" " ind2=" " tag="250">
      <marc:subfield code="a">1. Aufl.</marc:subfield>
   </marc:datafield>
   <marc:datafield ind1="1" ind2=" " tag="520">
      <marc:subfield code="a">Angaben aus der Verlagsmeldung

Krieg der Engel / von Wolfgang Hohlbein

Der 15-jährige Eric hat stets denselben Traum: Ein weißer Engel steht mit brennendem Gefieder auf dem Dach einer gewaltigen schwarzen Kathedrale. Und immer endet dieser Traum kurz bevor sich entscheidet, ob der Engel leben oder die Apokalypse über die Welt hereinbrechen wird …
Eric ist sicher, dass die düsteren Bilder eine Warnung enthalten. Als bald darauf seine Eltern verschwinden, gerät seine Wirklichkeit vollends ins Wanken. Er wird hineingerissen in den Kampf der weißen und schwarzen Engel. Ein Kampf, dessen Ausgang über die Zukunft der Welt entscheidet.
</marc:subfield>
   </marc:datafield>
   <marc:datafield ind1=" " ind2=" " tag="020">
      <marc:subfield code="a">9783570303825</marc:subfield>
      <marc:subfield code="9">9783570303825</marc:subfield>
   </marc:datafield>
   <marc:datafield ind1=" " ind2=" " tag="020">
      <marc:subfield code="a">3570303829</marc:subfield>
      <marc:subfield code="9">3570303829</marc:subfield>
   </marc:datafield>
   <marc:datafield ind1=" " ind2=" " tag="041">
      <marc:subfield code="a">ger</marc:subfield>
   </marc:datafield>
   <marc:datafield ind1=" " ind2=" " tag="300">
      <marc:subfield code="a">563 S.</marc:subfield>
   </marc:datafield>
</marc:record>
